T. Liuij Patauini historici clarissimi quae extant Decades ad decem diuersaac

Podrobná bibliografia
Hlavný autor: Livius, Titus, asi 59 pred Kr.-asi 17 po Kr (Autor)
Médium: Kniha
Jazyk:latinčina
slovenčina
Fyzický popis:str.
Vydavateľské údaje: (Parrisiorum) (Impensis Ioannís Paruí & ipsius quiimpressit Ascensii ) Venundantur ab Joanne Paruo et Iodoco Badio Ascensio (M.D.XIII. [=1513].)

MARC

LEADER 00000nam a22000005a 4500
001 vtls010032024
003 SK-MaSNL
005 20260301131007.0
008 240315s1513 xo 000 0 lat
020 |q (viaz.) 
040 |a SNK  |b slo  |c SNK  |e AACR2 
041 0 |a slo 
044 |a xo  |c SK  |c FR 
100 1 |a Livius, Titus,  |d asi 59 pred Kr.-asi 17 po Kr  |4 aut  |9 187530 
240 0 0 |a Decades 
245 0 0 |a T. Liuij Patauini historici clarissimi quae extant Decades ad decem diuersaac 
260 |a (Parrisiorum)  |b (Impensis Ioannís Paruí & ipsius quiimpressit Ascensii ) Venundantur ab Joanne Paruo et Iodoco Badio Ascensio  |c (M.D.XIII. [=1513].) 
300 |a str. 
500 |a Dokument obsahuje z diela Tita Lívia: 
508 |a Pref.: 
510 4 |a Adams 
550 |a Vydavateľské údaje doplnené z kolofónu 
958 |a ONDV 
999 |c 746436  |d 748366 
952 |a SNK  |b SNK  |y PREZ  |7 0  |p 17A0640017  |o snkIB 72090  |i snk2009/22385  |8 3  |g 2000.00  |0 0  |1 0  |4 0  |d 2009-12-15  |l 0  |r 2026-02-23 23:16:46  |w 2026-02-23